000 00617nam a22001577a 4500
003 OSt
005 20150929085415.0
008 150929b xxu||||| |||| 00| 0 eng d
040 _cRUA
082 _aAGR CHU 2012 B053 Or.4
100 _91539
_aCHUM, VANNARITH.
245 _aeffect of plant spacing and age on tomato growth and yield (ឥទ្ធិពលចន្លោះគុម្ព និង​អាយុកូនប៉េងប៉ោះទៅលើការលូតលាស់ និង​ ទិន្នផល)
260 _aPhnom Penh
_bRUA
_c2012
300 _axi, 50p.
_bill.
_c29cm.
942 _2ddc
_cAGR
999 _c1447
_d1447